000 00305nam a22001217a 4500
999 _c11989
_d11989
020 _a9789699806308
082 _a954.91
100 _aزاہد چودھری
245 _aپاکستان کیسے بنا؟
260 _aلاہور
_bادارہ مطالعہ تاریخ
_c2012
300 _a616
942 _cBK